000 00668nam a2200229Ia 4500
003 OSt
005 20230417094446.0
008 210423s2009 xx 000 0 und d
020 _a9788126912148
040 _cAL
041 _aeng
082 _a332.1 AGRA
100 _aAGRAWAL (Anand M);GOYAL (Krishn)
_989030
245 _aEmerging trends in banking finance and insurance industry
260 _aNew Delhi
_bAtlantic Publishers and Distributors
_c2009
300 _aix,500
_bHB
365 _b895
_cINR
650 _aBanking
_989031
650 _aEconomics
_989032
906 _abanking ; Emerging ; finance ; industry ; insurance ; trends
942 _2ddc
_cBK
999 _c159875
_d159875